Exmo. Sr. He puesto en el conocimiento de S.M. el Emperador el oficio de V.E. de 2 de Junio ultimo : con que acompaña el covenio que ... celebrado V.E. con los principales Gefes de las Tribus Lipanes, Cuelga de Castro, y Yolcha Pocarropa ...

Bibliographic Details
Corporate Author: Mexico (Empire, 1821-1823)
Format: Microform Book
Language:Spanish
Published: [Place of publication not identified] : [publisher not identified], [1822]
Series:Texas as province and republic, 1795-1845.
Subjects:

MARC

Tag First Indicator Second Indicator Subfields
LEADER 00000cam a22000005i 4500
001 in00001136823
005 20150930084502.0
007 hd afa010baca
008 900531s1822 xx a 000 0 spa d
035 |a (OCoLC)21654783 
035 |9 AFX7298AM 
040 |a RQE  |c RQE  |d TXA  |d UtOrBLW 
043 |a n-mx---  |a n------  |a n-us-tx 
049 |a TXAI 
099 |a film  |a B  |a 1549  |a reel 12  |a no. 690 
110 1 |a Mexico (Empire, 1821-1823) 
240 1 0 |a Treaties, etc. 
245 1 0 |a Exmo. Sr. He puesto en el conocimiento de S.M. el Emperador el oficio de V.E. de 2 de Junio ultimo :  |b con que acompaña el covenio que ... celebrado V.E. con los principales Gefes de las Tribus Lipanes, Cuelga de Castro, y Yolcha Pocarropa ... 
264 1 |a [Place of publication not identified] :  |b [publisher not identified],  |c [1822] 
300 |a 1 broadside ;  |c 31 x 21 cm. 
336 |a text  |b txt  |2 rdacontent 
337 |a microform  |b h  |2 rdamedia 
338 |a microfilm reel  |b hd  |2 rdacarrier 
500 |a Dated and signed at end: Tacubaya 17 de Agosto de 1822. Herrera. 
500 |a Endorsed at end: Anastasio Bustamante. 
533 |a Microfilm.  |b Woodbridge, Ct. :  |c Research Publications, Inc.,  |d 1981.  |e 1 microfilm reel ; 35 mm.  |f (Texas as province and republic, 1795-1845 ; reel 12, no. 690). 
539 |a s  |b 1981  |d ctu  |e n 
500 |a Microform. 
650 0 |a Lipan Indians  |x Treaties. 
650 0 |a Indians of North America  |z Texas  |x Treaties. 
830 0 |a Texas as province and republic, 1795-1845. 
999 |a MARS 
999 f f |s 5bd8d6b5-d5f8-361b-ba0a-5711edfc053f  |i 84ab7b30-bb1b-3469-a563-a777a8dbe2fe  |t 0 
952 f f |p default  |a Texas A&M University  |b College Station  |c Sterling C. Evans Library  |d Evans: Microforms (3rd floor)  |t 0  |e film B 1549 reel 12 no. 690  |h Other scheme  |i microform -- microfilm reel 
998 f f |a film B 1549 reel 12 no. 690  |t 0  |l Evans: Microforms (3rd floor)